| 000 | 00542nam a2200169 4500 | ||
|---|---|---|---|
| 008 | 151030b xxu||||| |||| 00| 0 eng d | ||
| 020 | _a0697085856 | ||
| 050 | _aQA 52.2.N36 1996 | ||
| 100 |
_aNanney, J. Louis _d1996 |
||
| 245 |
_aDeveloping skills in algebra/ _c J. Louis Nanney and John L.Cable |
||
| 250 | _a5th ed. | ||
| 260 |
_aDubuque; _bHawkes publishing, _c1996. |
||
| 300 |
_axiii,438 p.: ill. _bIncludes index. _c28cm. |
||
| 650 | _aAlgebra. | ||
| 700 | _aCable, John L. | ||
| 942 |
_2lcc _cBOOKS _hQA 52.2.N36 1996 |
||
| 999 |
_c9694 _d9694 |
||